Obras completas

I tiakina i:
Ngā taipitopito rārangi puna kōrero
Kaituhi matua: Shakespeare, William (autor)
Ētahi atu kaituhi: Astrana Marín, Luis (estudio preliminar, traducción y notas)
Hōputu: Pukapuka
I whakaputaina: Madrid, España: Aguilar, 1960
Putanga:Décima edición.
Ngā marau:
Ngā Tūtohu: Tāpirihia he Tūtohu
Kāore He Tūtohu, Me noho koe te mea tuatahi ki te tūtohu i tēnei pūkete!

MARC

LEADER 00000nam a2200000 a 4500
001 UCV8161
003 CL-VaPUC
005 20230623074125.0
008 220705t1960 ||||| |||| 00| 0 eng d
999 |c 436713  |d 436711 
040 |c Pontificia Universidad Católica de Valparaíso 
082 0 4 |a 822 SHA 1960  |2 21 
100 |a Shakespeare, William  |e autor  |9 265757 
245 1 0 |a Obras completas 
250 |a Décima edición. 
260 |a Madrid, España:  |b Aguilar,  |c 1960 
300 |a 2195 páginas  
500 |a c.1 Donación Familia Prof. Alejandro Guzmán Brito 
583 |a last modification  |c 20140820 03:14:13  |k Cristina María Rojas Aguilar 
650 0 |a Teatro inglés  |9 265744 
650 0 |a Poesías inglesas  |9 265094 
700 |a Astrana Marín, Luis   |e estudio preliminar, traducción y notas  |9 872208 
942 |c BK  |2 ddc  |n 0 
952 |0 0  |1 0  |2 ddc  |4 0  |6 822_000000000000000_SHA_1960  |7 0  |8 C_AGB  |9 584400  |a BIBDER  |b BIBDER  |d 2022-07-05  |e Donación   |i 5652523  |o 822 SHA 1960  |p 5652523  |r 2023-01-25  |t 1  |w 2022-07-05  |y BK_US  |k AGB